000
00300nam a22001097a 4500
008
160613b xxu||||| |||| 00| 0 eng d
020
_a
0766807908
041
_a
eng
080
_a
618.2
245
_a
Professional practice of nursing administration:
_c
Lillian M. Simms; Sylvia A. Price;
942
_2
udc
_c
BK
999
_c
2487
_d
2487